Central Library OPAC University of Rajshahi

International accounting / (Record no. 15393)

MARC details
000 -LEADER
fixed length control field 00887nam a22002892a 4500
001 - CONTROL NUMBER
control field 15393
003 - CONTROL NUMBER IDENTIFIER
rucl marc code BD-R jUL
005 - DATE AND TIME OF LATEST TRANSACTION
control field 20211208235815.0
008 - FIXED-LENGTH DATA ELEMENTS--GENERAL INFORMATION
fixed length control field 140210 s1967 nyu b 000 0 eng d
035 ## - SYSTEM CONTROL NUMBER
System control number (BD-R jUL )15447
040 ## - CATALOGING SOURCE
Original cataloging agency DLC
Transcribing agency WSU
Modifying agency OCL
-- SER
-- UKM
-- BD-R jUL
Language of cataloging eng
041 ## - LANGUAGE CODE
Language code of text/sound track or separate title eng
082 ## - DEWEY DECIMAL CLASSIFICATION NUMBER
Classification number 657
Author mark and year MUI 1974
100 1# - MAIN ENTRY--PERSONAL NAME
Personal name Mueller, Gerhard G.
9 (RLIN) 47601
245 10 - TITLE STATEMENT
Title International accounting /
Statement of responsibility, etc. by Gerhard G. Mueller
260 ## - PUBLICATION, DISTRIBUTION, ETC. (IMPRINT)
Place of publication, distribution, etc. New York :
Name of publisher, distributor, etc. Macmillan,
Date of publication, distribution, etc. 1967
300 ## - PHYSICAL DESCRIPTION
Pagination xiii,253 p. :
Size 24 cm.
490 1# - SERIES STATEMENT
Series statement Topics in accounting and finance
504 ## - BIBLIOGRAPHY, ETC. NOTE
Bibliography, etc Includes bibliographies
650 #0 - SUBJECT ADDED ENTRY--TOPICAL TERM
Topical term or geographic name as entry element Accounting
9 (RLIN) 47824
Topical term or geographic name as entry element International business enterprises
General subdivision Accounting
9 (RLIN) 47825
Topical term or geographic name as entry element Foreign exchange
General subdivision Accounting
9 (RLIN) 47826
830 #0 - SERIES ADDED ENTRY--UNIFORM TITLE
Uniform title Topics in accounting and finance
942 ## - ADDED ENTRY ELEMENTS (KOHA)
Source of classification or shelving scheme Dewey Decimal Classification
Koha item type Books
Holdings
Lost status Source of classification or shelving scheme Damaged status Not for loan Collection code Permanent Location Current Location Shelving location Date acquired Source of acquisition Total Checkouts Full call number Date last seen Copy number Koha item type
  Dewey Decimal Classification   Not For Loan Non-fiction Central Library, University of Rajshahi Central Library, University of Rajshahi Reading Room 08/07/1976 U.S.I.S.   657 MUI 1974 10/02/2014 C-1 Books
  Dewey Decimal Classification     Non-fiction Central Library, University of Rajshahi Central Library, University of Rajshahi   08/07/1976 Author   657 MUI 1974 14/11/2016 C-2 Books